Statistics for Airport Name to City (India)

Click here to take the quiz!

General Stats

  • This quiz has been taken 34 times
    (23 since last reset)
  • The average score is 19 of 44

Answer Stats

AirportCity% Correct
Indira Gandhi International AirportDelhi
100%
Chhatrapati Shivaji Maharaj International AirportMumbai
100%
Kempegowda International AirportBengaluru
94%
Devi Ahilyabai Holkar International AirportIndore
89%
Sardar Vallabhbhai Patel International AirportAhmedabad
83%
Netaji Subhash Chandra Bose International AirportKolkata
83%
Jay Prakash Narayan International AirportPatna
83%
Chaudhary Charan Singh International AirportLucknow
78%
Dr. Babasaheb Ambedkar International AirportNagpur
72%
Bagdogra AirportSiliguri
72%
Rajiv Gandhi International AirportHyderabad
67%
Sri Guru Ram Dass Jee International AirportAmritsar
61%
Raja Bhoj AirportBhopal
61%
Birsa Munda AirportRanchi
61%
Biju Patnaik International AirportBhubaneswar
56%
Lokpriya Gopinath Bordoloi International AirportGuwahati
56%
Veer Savarkar International AirportPort Blair
56%
Sheikh ul-Alam International AirportSrinagar
56%
Lal Bahadur Shastri International AirportVaranasi
56%
Jolly Grant AirportDehradun
50%
Bir Tikendrajit International AirportImphal
50%
Swami Vivekananda AirportRaipur
50%
Lengpui AirportAizawl
39%
Sahnewal AirportLudhiana
39%
Maharana Pratap AirportUdaipur
39%
Chhatrapati Rajaram Maharaj AirportKolhapur
33%
Bhuntar AirportKullu
33%
Maharaja Bir Bikram AirportAgartala
28%
Pakyong AirportGangtok
28%
Sonari AirportJamshedpur
28%
Kushok Bakula Rimpochhe AirportLeh
28%
Burnpur AirportAsansol
22%
Adampur AirportJalandhar
22%
Shri Guru Gobind Singh Ji AirportNanded
22%
Nal AirportBikaner
17%
Kishangarh AirportAjmer
11%
Gaggal AirportKangra
11%
Veer Surendra Sai AirportJharsuguda
6%
Savitri Jindal AirportAngul
0%
Utkela AirstripBhawanipatna
0%
Naini Saini AirportPithoragarh
0%
Sri Sathya Sai AirportPuttaparthi
0%
OP Jindal AirportRaigarh
0%
Jindal Vijaynagar AirportToranagallu
0%

Score Distribution

Percentile by Number Answered

Percent of People with Each Score

Your Score History

You have not taken this quiz since the last reset